Ngàn năm áo mũ Lịch sử trang phục Việt Nam giai đoạn 1009-1945

Guardat en:
Dades bibliogràfiques
Autor principal: Trần, Quang Đức
Format: Llibre
Idioma:Vietnamese
Publicat: Hà Nội Thế giới; Công ty Văn hóa và Truyền thông Nhã Nam 2013
Edició:Tái bản lần thứ hai
Matèries:
Etiquetes: Afegir etiqueta
Sense etiquetes, Sigues el primer a etiquetar aquest registre!
Thư viện lưu trữ: Trung tâm Học liệu Lê Vũ Hùng, Trường Đại học Đồng Tháp
LEADER 00968pam a22003018a 4500
001 00033144
005 20171026081025.0
008 150421s2013 ||||||viesd
020 # # |c 250000 
041 0 # |a vie 
082 1 4 |a 391.009 597  |b NG105N 
100 1 # |a Trần, Quang Đức 
245 1 0 |a Ngàn năm áo mũ  |c Trần Quang Đức  |b Lịch sử trang phục Việt Nam giai đoạn 1009-1945 
250 # # |a Tái bản lần thứ hai 
260 # # |a Hà Nội  |b Thế giới; Công ty Văn hóa và Truyền thông Nhã Nam  |c 2013 
300 # # |a 397 tr.  |c 25 cm.  |b ảnh, tranh 
653 # # |a Lịch sử 
653 # # |a Việt Nam 
653 # # |a Truyền thống 
653 # # |a Trang phục 
852 # # |j KD.0016574 
852 # # |b Kho đọc  |j KD.0016574 
910 0 # |a kchi  |d 21/4/2015 
980 # # |a Trung tâm Học liệu Lê Vũ Hùng, Trường Đại học Đồng Tháp